Introduction to engineering mechanics (Record no. 17563)

000 -LEADER
fixed length control field 00597nam a22002051 4500
001 - CONTROL NUMBER
control field 17563
003 - CONTROL NUMBER IDENTIFIER
control field BD-DhUET
008 - FIXED-LENGTH DATA ELEMENTS--GENERAL INFORMATION
fixed length control field 100604s1961 maua b 000 0 eng
040 ## - CATALOGING SOURCE
Original cataloging agency DLC
Transcribing agency DLC
Modifying agency BD-DhUET
082 ## - DEWEY DECIMAL CLASSIFICATION NUMBER
Classification number 620.1
Item number HUD/1961
100 ## - MAIN ENTRY--PERSONAL NAME
Personal name Huddleston, John V.
245 10 - TITLE STATEMENT
Title Introduction to engineering mechanics
250 ## - EDITION STATEMENT
Edition statement 1st ed.
260 ## - PUBLICATION, DISTRIBUTION, ETC. (IMPRINT)
Place of publication, distribution, etc. Massachusetts
Name of publisher, distributor, etc. Addison-Wesley Publishing
Date of publication, distribution, etc. 1961
300 ## - PHYSICAL DESCRIPTION
Extent xii, 493 p.
Other physical details ill.
Dimensions 24 cm.
490 0# - SERIES STATEMENT
Series statement Addison-Wesley series in the engineering sciences
504 ## - BIBLIOGRAPHY, ETC. NOTE
Bibliography, etc Includes bibliographies
650 #0 - SUBJECT ADDED ENTRY--TOPICAL TERM
Topical term or geographic name as entry element Engineering mechanics
942 ## - ADDED ENTRY ELEMENTS (KOHA)
Koha item type General Book
Holdings
Koha date last seen Not for loan Withdrawn status Koha item type Source of classification or shelving scheme Location (home branch) Copy number Damaged status Sublocation or collection (holding branch) Lost status Koha normalized classification for sorting Shelving location Koha full call number Date acquired Piece designation (barcode) Price effective from
2015-03-24  General Book Central Library, BUET1 Central Library, BUET 620_100000000000000_HUD_1961Circulation section620.1/HUD/19612015-03-24102622015-03-24
2015-03-24  General Book Central Library, BUET2 Central Library, BUET 620_100000000000000_HUD_1961Circulation section620.1/HUD/19612015-03-24387742015-03-24
2015-03-24  General Book Central Library, BUET3 Central Library, BUET 620_100000000000000_HUD_1961Circulation section620.1/HUD/19612015-03-24102632015-03-24
2015-03-24  General Book Central Library, BUET4 Central Library, BUET 620_100000000000000_HUD_1961Circulation section620.1/HUD/19612015-03-24288062015-03-24
2015-03-24  General Book Central Library, BUET5 Central Library, BUET 620_100000000000000_HUD_1961Circulation section620.1/HUD/19612015-03-2492352015-03-24
2015-03-24  General Book Central Library, BUET6 Central Library, BUET 620_100000000000000_HUD_1961Cataloging to Circulation620.1/HUD/19612015-03-2492612015-03-24
2015-03-24  General Book Central Library, BUET8 Central Library, BUET 620_100000000000000_HUD_1961Circulation section620.1/HUD/19612015-03-24377602015-03-24
2015-03-28  General Book Central Library, BUET7 Central Library, BUET 620_100000000000000_HUD_1961Circulation section620.1/HUD/19612015-03-28843832015-03-28